[Event "DVM U14 2019"]
[Site "Magdeburg GER"]
[Date "2019.12.28"]
[Round "4"]
[White "Lerchl, Clemens"]
[Black "Kokowski, Kevin"]
[Result "1-0"]
[Termination "normal"]
[Board "9.2"]
[WhiteElo "1743"]
[BlackElo "1627"]
[WhiteTeam "Schach-Club Vaterstetten-Grasbrunn"]
[BlackTeam "SV 1947 Walldorf"]
[PlyCount "105"]
[WhiteFideId "16226372"]
[BlackFideId "16256417"]
[EventCountry "GER"]
[EventRounds "7"]
[EventType "team-swiss"]
[EventDate "2019.12.26"]

1. e4 e5 2. Nf3 Nc6 3. Bb5 a6 4. Ba4 Nf6 5. O-O Be7 6. Re1 d6 7. c3 O-O 8. h3
b5 9. Bc2 d5 10. exd5 Qxd5 11. d3 Bf5 12. Bg5 Rfe8 13. a4 h6 14. Be3 b4 15. a5
Rad8 16. Ba4 Bxd3 17. Bxc6 Qxc6 18. Nxe5 Qb5 19. Nxd3 Rxd3 20. Qa4 Qxa4 21.
Rxa4 Bc5 22. cxb4 Bxe3 23. fxe3 Rdxe3 24. Rxe3 Rxe3 25. Nc3 Re5 26. Ra1 Kf8 27.
Kf2 Ne4+ 28. Kf3 Nd2+ 29. Kf4 Nc4 30. b5 g5+ 31. Kg3 axb5 32. a6 Nb6 33. a7 Na8
34. Ra6 b4 35. Na4 Kg7 36. Kh2 f5 37. b3 f4 38. Kg1 Re1+ 39. Kf2 Rc1 40. Re6
Kf7 41. Rxh6 Kg7 42. Rh5 Rb1 43. Rxg5+ Kf7 44. Nc5 Ra1 45. Rf5+ Ke7 46. Rxf4
Rxa7 47. Rxb4 Nb6 48. g4 Ra2+ 49. Kg3 Nd5 50. Rd4 Kd6 51. Ne4+ Ke5 52. Rxd5+
Kxd5 53. Nc3+ 1-0

[Event "DVM U14 2019"]
[Site "Magdeburg GER"]
[Date "2019.12.28"]
[Round "4"]
[White "Meng, Yuxuan"]
[Black "Popovici, Liviu-Daniel"]
[Result "1-0"]
[Termination "normal"]
[Board "9.3"]
[WhiteElo "1467"]
[BlackElo "1526"]
[WhiteTeam "SV 1947 Walldorf"]
[BlackTeam "Schach-Club Vaterstetten-Grasbrunn"]
[PlyCount "65"]
[WhiteFideId "16258231"]
[BlackFideId "1253689"]
[EventCountry "GER"]
[EventRounds "7"]
[EventType "team-swiss"]
[EventDate "2019.12.26"]

1. e4 c5 2. Nf3 d6 3. d4 cxd4 4. Nxd4 Nf6 5. Nc3 a6 6. Bc4 e6 7. Be3 Nc6 8. f4
Be7 9. O-O b5 10. Nxc6 Qd7 11. Nxe7 Qxe7 12. Bd3 Bb7 13. a3 Rc8 14. h3 O-O 15.
Qe2 Kh8 16. Rad1 Rfd8 17. Bf2 h6 18. Bh4 Rg8 19. e5 dxe5 20. fxe5 Qc5+ 21. Bf2
Qc6 22. Be3 Nd7 23. Be4 Qc7 24. Bxb7 Qxb7 25. Rxf7 Rc7 26. Rdf1 Qc6 27. Kh1
Rcc8 28. Qh5 Nf8 29. Bxh6 Nh7 30. Bxg7+ Rxg7 31. Rxg7 Kxg7 32. Rf7+ Kg8 33.
Qxh7# 1-0

[Event "DVM U14 2019"]
[Site "Magdeburg GER"]
[Date "2019.12.28"]
[Round "4"]
[White "Schuh, Ramon"]
[Black "Kittel, Lennart"]
[Result "1/2-1/2"]
[Termination "normal"]
[Board "10.1"]
[WhiteElo "1360"]
[BlackElo "1493"]
[WhiteTeam "FVS ASP Hoyerswerda"]
[BlackTeam "SF 1876 Göppingen"]
[PlyCount "113"]
[WhiteFideId "16215982"]
[BlackFideId "16254171"]
[EventCountry "GER"]
[EventRounds "7"]
[EventType "team-swiss"]
[EventDate "2019.12.26"]

1. e4 c5 2. Nc3 e6 3. g3 Nc6 4. Bg2 Nf6 5. d3 a6 6. f4 d6 7. Be3 Be7 8. h3 d5
9. exd5 exd5 10. Bf2 O-O 11. Nf3 Re8 12. O-O Qc7 13. Re1 Be6 14. Qd2 Rad8 15.
Ne5 Bd6 16. Nxc6 Qxc6 17. Re2 h5 18. Rae1 Bb8 19. f5 Bxf5 20. Rxe8+ Rxe8 21.
Rxe8+ Qxe8 22. Nxd5 Nxd5 23. Bxd5 b6 24. Bg2 Qe6 25. Qg5 Be5 26. Bd5 Qf6 27.
Qxh5 Bxb2 28. Kg2 Be6 29. Bb3 Bxb3 30. axb3 Bd4 31. Qf3 Qxf3+ 32. Kxf3 Bc3 33.
Ke4 f6 34. Kd5 Kf7 35. Kc6 Ba5 36. Kb7 Ke6 37. Kxa6 Kd5 38. Kb5 g6 39. Be3 f5
40. g4 Ke5 41. gxf5 gxf5 42. Kc4 Be1 43. Kb5 f4 44. Bg1 f3 45. Kxb6 f2 46. Bxf2
Bxf2 47. Kb5 Kf4 48. b4 cxb4 49. Kxb4 Kg3 50. c4 Kxh3 51. c5 Kg4 52. c6 Bb6 53.
Kb5 Bc7 54. d4 Kf5 55. Kc5 Ke6 56. d5+ Ke5 57. d6 1/2-1/2

[Event "DVM U14 2019"]
[Site "Magdeburg GER"]
[Date "2019.12.28"]
[Round "4"]
[White "Schedel, Loris"]
[Black "Friedrich, Eddie"]
[Result "1-0"]
[Termination "normal"]
[Board "10.2"]
[WhiteElo "1369"]
[BlackElo "1507"]
[WhiteTeam "SF 1876 Göppingen"]
[BlackTeam "FVS ASP Hoyerswerda"]
[PlyCount "43"]
[WhiteFideId "16255542"]
[BlackFideId "16274946"]
[EventCountry "GER"]
[EventRounds "7"]
[EventType "team-swiss"]
[EventDate "2019.12.26"]

1. e4 e5 2. Nf3 Nf6 3. Nxe5 d6 4. Nf3 Nxe4 5. d4 d5 6. Bd3 Bf5 7. O-O Be7 8. c4
c6 9. Nc3 Nxc3 10. bxc3 Bg4 11. Re1 O-O 12. Rb1 Qc7 13. c5 Nd7 14. Rxe7 Be6 15.
Qe1 Qd8 16. Bg5 h6 17. Rxe6 hxg5 18. Rd6 Re8 19. Ne5 f6 20. Rxd7 Qxd7 21. Nxd7
Rxe1+ 22. Rxe1 1-0

[Event "DVM U14 2019"]
[Site "Magdeburg GER"]
[Date "2019.12.28"]
[Round "4"]
[White "Lesnikowski, Maciej"]
[Black "Cilo, Selimhan"]
[Result "1-0"]
[Termination "normal"]
[Board "10.3"]
[WhiteElo "1366"]
[BlackElo "1279"]
[WhiteTeam "FVS ASP Hoyerswerda"]
[BlackTeam "SF 1876 Göppingen"]
[PlyCount "173"]
[WhiteFideId "21038910"]
[BlackFideId "16246756"]
[EventCountry "GER"]
[EventRounds "7"]
[EventType "team-swiss"]
[EventDate "2019.12.26"]

1. e4 e5 2. Nf3 Nc6 3. Bc4 Bc5 4. d3 d6 5. h3 Nf6 6. Nc3 O-O 7. Bg5 h6 8. Bh4
Be6 9. Bb3 Nd4 10. O-O c6 11. Nxd4 Bxd4 12. Qd2 Nxe4 13. Nxe4 Qxh4 14. Nxd6
Bxb3 15. axb3 b5 16. Nf5 Qf6 17. Nxd4 exd4 18. Rfe1 c5 19. Re4 a6 20. Qf4 Qxf4
21. Rxf4 Rfe8 22. Rf5 Rec8 23. Rd5 Rc6 24. Rd7 Re8 25. Kf1 Rce6 26. Rc7 Re5 27.
Rc6 R8e6 28. Rcxa6 Kf8 29. Rxe6 Rxe6 30. Re1 Ra6 31. Re5 Ra2 32. Rxc5 Rxb2 33.
Ke2 Ra2 34. Kd2 Ra5 35. Rd5 Ke7 36. Rxd4 Ra6 37. Rb4 Rb6 38. Ke3 Kd6 39. Rf4
Rb7 40. Rg4 f5 41. Rf4 Ke6 42. g4 fxg4 43. Rxg4 h5 44. Rg5 h4 45. Rg4 Rc7 46.
Kd2 Rf7 47. f4 b4 48. Rxh4 g6 49. f5+ gxf5 50. Rxb4 f4 51. Ke2 f3+ 52. Kf2 Ke5
53. h4 Kd5 54. Rc4 Ke5 55. h5 Kd5 56. h6 Ke5 57. h7 Rxh7 58. Kxf3 Rh3+ 59. Ke2
Rh2+ 60. Kd1 Kd5 61. Kc1 Kd6 62. Kb2 Rh5 63. Kc3 Rb5 64. b4 Rh5 65. Kb3 Rh8 66.
c3 Ra8 67. Rc5 Kd7 68. d4 Kd6 69. b5 Kd7 70. Rc6 Kd8 71. Kb4 Kd7 72. Kc5 Ra3
73. c4 Ra5 74. d5 Kd8 75. Kb4 Ra1 76. b6 Kd7 77. Kb5 Rb1+ 78. Ka6 Ra1+ 79. Kb7
Kd8 80. Rd6+ Ke7 81. c5 Rc1 82. Rc6 Rd1 83. d6+ Kd7 84. Rc7+ Kd8 85. Kc6 Rb1
86. b7 Rb2 87. Rc8# 1-0